<?xml version="1.0" encoding="UTF-8"?>
<marc:record xmlns:marc="http://www.loc.gov/MARC21/slim">
   <marc:leader>00000nam a2200000 a 4500</marc:leader>
   <marc:datafield ind1="1" ind2=" " tag="100">
      <marc:subfield code="a">Grimaldi, Virginie</marc:subfield>
      <marc:subfield code="4">aut</marc:subfield>
      <marc:subfield code="e">Verfasser/-in</marc:subfield>
   </marc:datafield>
   <marc:datafield ind1="0" ind2="0" tag="245">
      <marc:subfield code="a">Jetzt ist unsere Zeit</marc:subfield>
   </marc:datafield>
   <marc:datafield ind1="0" ind2="0" tag="245">
      <marc:subfield code="b">Roman - Eine berührende Vater-Tochter-Geschichte von der Autorin des Bestsellers »Unser Tag ist heute«</marc:subfield>
   </marc:datafield>
   <marc:datafield ind1="0" ind2="0" tag="245">
      <marc:subfield code="c">Grimaldi, Virginie</marc:subfield>
   </marc:datafield>
   <marc:datafield ind1=" " ind2="1" tag="264">
      <marc:subfield code="a">München</marc:subfield>
      <marc:subfield code="b">Penguin</marc:subfield>
      <marc:subfield code="c">2026</marc:subfield>
   </marc:datafield>
   <marc:datafield ind1=" " ind2=" " tag="250">
      <marc:subfield code="a">Deutsche Erstausgabe</marc:subfield>
   </marc:datafield>
   <marc:datafield ind1="1" ind2=" " tag="520">
      <marc:subfield code="a">Ein Roman wie Balsam für Herz und Seele von der erfolgreichsten Autorin Frankreichs&#xD;
&#xD;
Julianne hasst Überraschungen. Ihr Leben ist durchgeplant, jeder Tag bis ins kleinste Detail organisiert. Als ihr launischer Vater Jean nach einem Hausbrand bei ihr einzieht, gerät ihre perfekte Struktur aus dem Takt. Jean, der schon immer ein Freigeist war, bringt seine Rente mit Teleshopping durch, hört laut Hardrock im Wohnzimmer und legt sich mit den Nachbarn an.&#xD;
Doch hinter seinem exzentrischen Verhalten scheint mehr zu stecken. Julianne, die das Chaos nicht mehr ignorieren kann, spürt eine lähmende Sorge in ihrem Magen – die Diagnose Alzheimer steht wie ein Schatten zwischen ihnen. Die Familie drängt sie, Jean in ein Pflegeheim zu bringen, aber in Julianne regt sich ein anderer Plan …&#xD;
Ein bewegender Roman darüber, wie sich die Rollen von Eltern und Kindern im Alter verschieben und dass das Leben immer unentdeckte Möglichkeiten bereithält.</marc:subfield>
   </marc:datafield>
   <marc:datafield ind1=" " ind2=" " tag="020">
      <marc:subfield code="a">9783328604723</marc:subfield>
      <marc:subfield code="9">9783328604723</marc:subfield>
   </marc:datafield>
   <marc:datafield ind1=" " ind2=" " tag="020">
      <marc:subfield code="a">3328604723</marc:subfield>
      <marc:subfield code="9">3328604723</marc:subfield>
   </marc:datafield>
   <marc:datafield ind1=" " ind2=" " tag="041">
      <marc:subfield code="a">ger</marc:subfield>
   </marc:datafield>
   <marc:datafield ind1=" " ind2=" " tag="300">
      <marc:subfield code="a">320 Seiten</marc:subfield>
   </marc:datafield>
</marc:record>
